000 00501nam a2200181Ia 4500
003 OSt
005 20260114153110.0
008 210210b1962 xxu||||| |||| 00| 0 eng d
040 _cAL
041 _aKannada
082 _a859/933
100 _aNARENDRABABU (M)
_9145503
_dನರೇಂದ್ರಬಾಬು (ಎಂ).
245 _aKudinota:
_bಕುಡಿನೋಟ
260 _aBengaluru
_bSharada Prakatanalalya
_c1962
690 _aKannada Fiction
_9145504
906 _a021683
942 _2ddc
_cBK
999 _c145779
_d145779